Dictionary of electronics (Record no. 568861)
[ view plain ]
| 000 -LEADER | |
|---|---|
| fixed length control field | 00405nam a22001697a 4500 |
| 003 - CONTROL NUMBER IDENTIFIER | |
| control field | CEME |
| 005 - DATE AND TIME OF LATEST TRANSACTION | |
| control field | 20210628202212.0 |
| 008 - FIXED-LENGTH DATA ELEMENTS--GENERAL INFORMATION | |
| fixed length control field | 210113b xxu||||| |||| 00| 0 eng d |
| 020 ## - INTERNATIONAL STANDARD BOOK NUMBER | |
| International Standard Book Number | 9788174733825 |
| 040 ## - CATALOGING SOURCE | |
| Transcribing agency | . |
| 082 ## - DEWEY DECIMAL CLASSIFICATION NUMBER | |
| Classification number | 621.38103 DIC |
| 100 ## - MAIN ENTRY--PERSONAL NAME | |
| Personal name | Singh, Darshna |
| 9 (RLIN) | 58737 |
| 245 ## - TITLE STATEMENT | |
| Title | Dictionary of electronics |
| 260 ## - PUBLICATION, DISTRIBUTION, ETC. | |
| Place of publication, distribution, etc. | INDIA |
| Name of publisher, distributor, etc. | AITBS PUBLISHERS |
| Date of publication, distribution, etc. | 2012 |
| 300 ## - PHYSICAL DESCRIPTION | |
| Extent | 488P |
| 942 ## - ADDED ENTRY ELEMENTS (KOHA) | |
| Koha item type | Book |
| Source of classification or shelving scheme | |
| Withdrawn status | Lost status | Damaged status | Not for loan | Permanent Location | Current Location | Shelving location | Date acquired | Total Checkouts | Full call number | Barcode | Date last seen | Price effective from | Koha item type |
|---|---|---|---|---|---|---|---|---|---|---|---|---|---|
| College of Electrical & Mechanical Engineering (CEME) | College of Electrical & Mechanical Engineering (CEME) | Reference | 07/17/2017 | 621.38103 DIC | CEME-48934 | 06/28/2021 | 06/28/2021 | Book |
